00269 a2200121 4500001000700000020000600007040001100013100004300024240003200067245002700099362000900126440001200135171318 a  cMagnum aBruno, Fátima Aparecida Teves Cabral10a! Enterate ! - libro 4lESP10a! Enterate ! - libro 40 a1899 1aSaraiva